Программа расчета характеристик газофазного зажигания жидкого конденсированного вещества каплей расплавленного металла; Программы для ЭВМ. Базы данных. Топологии интегральных микросхем; № 3 (Ч. 1)

書誌詳細
Parent link:Программы для ЭВМ. Базы данных. Топологии интегральных микросхем: бюллетень/ Федеральный институт промышленной собственности (ФИПС, Роспатент).— , 1999-2013.— 1683-3090
№ 3 (Ч. 1).— 2009.— С. 101
第一著者: Стрижак П. А. Павел Александрович
団体著者: Национальный исследовательский Томский политехнический университет (ТПУ)
要約:Рег. номер: 2009612151, 27.04.2009
言語:ロシア語
出版事項: 2009
主題:
フォーマット: 図書の章
KOHA link:https://koha.lib.tpu.ru/cgi-bin/koha/opac-detail.pl?biblionumber=508612

MARC

LEADER 00000naa2a2200000 4500
001 508612
005 20240222064832.0
035 |a (RuTPU)RU\TPU\prd\180518 
035 |a RU\TPU\prd\179882 
090 |a 508612 
100 |a 20130605a2009 k y0rusy50 ca 
101 0 |a rus 
102 |a RU 
200 1 |a Программа расчета характеристик газофазного зажигания жидкого конденсированного вещества каплей расплавленного металла  |f П. А. Стрижак  |g Национальный исследовательский Томский политехнический университет (ТПУ) 
300 |a Рег. номер: 2009612151, 27.04.2009 
461 0 |0 (RuTPU)RU\TPU\prd\43206  |x 1683-3090  |t Программы для ЭВМ. Базы данных. Топологии интегральных микросхем  |o бюллетень  |f Федеральный институт промышленной собственности (ФИПС, Роспатент)  |d 1999-2013 
463 1 |0 (RuTPU)RU\TPU\prd\70738  |t № 3 (Ч. 1)  |v С. 101  |d 2009 
610 1 |a труды учёных ТПУ 
700 1 |a Стрижак  |b П. А.  |c специалист в области теплоэнергетики  |c профессор Томского политехнического университета, доктор физико-математических наук  |f 1985-  |g Павел Александрович  |x TPU  |y Томск  |3 (RuTPU)RU\TPU\pers\25983  |9 11832 
712 0 2 |a Национальный исследовательский Томский политехнический университет (ТПУ)  |c (2009- )  |3 (RuTPU)RU\TPU\col\15902 
801 1 |a RU  |b 63413507  |c 20130531 
801 2 |a RU  |b 63413507  |c 20140625  |g RCR 
942 |c BK